000 00258nam a22001097a 4500
008 170120b xxu||||| |||| 00| 0 eng d
020 _a9781933107363
041 _aeng
080 _24TH
_a618.2
245 _aPHARMACOLOGY FOR NURSING
_cPLATT. D
942 _2udc
_cBK
999 _c3313
_d3313